|
|
|
|
| LEADER |
00000nam0a2200000 4500 |
| 001 |
378134 |
| 005 |
20231102013000.0 |
| 010 |
|
|
|a 5724503395
|
| 035 |
|
|
|a (RuTPU)RU\TPU\retro\35589
|
| 035 |
|
|
|a RU\TPU\book\101365
|
| 090 |
|
|
|a 378134
|
| 100 |
|
|
|a 20230516d1990 km y0rusy50 ca
|
| 101 |
0 |
|
|a rus
|
| 102 |
|
|
|a RU
|
| 105 |
|
|
|a a z 001zy
|
| 200 |
1 |
|
|a Физикохимия неорганических полимерных и композиционных материалов
|f Р. С. Сайфуллин
|
| 210 |
|
|
|a Москва
|c Химия
|d 1990
|
| 215 |
|
|
|a 240 с.
|c ил.
|
| 320 |
|
|
|a Библиогр.: с. 225-236.
|
| 320 |
|
|
|a Предметный указатель: с. 236-239.
|
| 606 |
1 |
|
|a Композиционные материалы (материаловедение)
|2 stltpush
|3 (RuTPU)RU\TPU\subj\71565
|9 85422
|
| 610 |
1 |
|
|a гетерофазные материалы
|
| 610 |
1 |
|
|a неорганические вещества
|
| 610 |
1 |
|
|a кристаллическая структура
|
| 610 |
1 |
|
|a фазы
|
| 610 |
1 |
|
|a межфазное взаимодействие
|
| 610 |
1 |
|
|a стеклообразное состояние
|
| 610 |
1 |
|
|a тугоплавкие материалы
|
| 610 |
1 |
|
|a металлосодержащие материалы
|
| 610 |
1 |
|
|a композиционные покрытия
|
| 610 |
1 |
|
|a твердые тела
|
| 610 |
1 |
|
|a модифицирование
|
| 675 |
|
|
|a 620.22-419.8
|v 3
|
| 700 |
|
1 |
|a Сайфуллин
|b Р. С.
|g Ренат Салляхович
|
| 801 |
|
1 |
|a RU
|b 63413507
|c 20060413
|g PSBO
|
| 801 |
|
2 |
|a RU
|b 63413507
|c 20230516
|g PSBO
|
| 900 |
|
|
|a Физико-химические основы технологии стекла и ситаллов
|
| 942 |
|
|
|c BK
|